Teams that Sergio Ramos Has Played For - Statistics

General Stats
  • This quiz has been taken 518 times
    94 since last reset
  • The average score is 6 of 7
Answer Stats
Years Apps Goals Team % Correct
2005-2021 469 72 Real Madrid
99%
2021-2023 49 4 Paris Saint-Germain
97%
2004-2005 39 2 Sevilla
95%
2023-2024 28 3 Sevilla
95%
2005-2023 180 23 Spain
90%
2025- 23 5 Monterrey
64%
2003-2004 26 2 Sevilla B
30%
No matching quizzes found
Score Distribution
Percent of People with Each Score
Percentile by Number Answered
Your Score History
You have not taken this quiz since the last reset